000
00228 a2200097 4500
001
42867
100
_a
Govt of Pakistan
245
_a
Pakistan economic survey
260
_a
Islamabad
_b
Govt of Pakistan
_c
090
_c
26756
_d
26756
942
_a
NUST-CAE
_c
M
_c
18620
999
_c
277940
_d
277940